| 000 | 00621nam a2200241Ia 4500 | ||
|---|---|---|---|
| 003 | OSt | ||
| 005 | 20221005125841.0 | ||
| 006 | a|||||r|||| 00| 0 | ||
| 007 | ta | ||
| 008 | 221004b |||||||| |||| 00| 0 hin d | ||
| 024 | _a59642 | ||
| 037 | _cTextual | ||
| 040 |
_aCRL _cCRL _bhin |
||
| 041 |
_2hin _ahin |
||
| 082 | _aO152,3M80x, 33L4 | ||
| 100 |
_aLalitha Au. _9637213 |
||
| 245 | 0 | _aPremachandrara Kadambarigalu | |
| 260 | _c1974 | ||
| 650 |
_a HINDI LITERATURE _923866 |
||
| 650 | _aHINDI FICTION | ||
| 942 |
_hO152,3M80x, 33L4 _cTEXL _2cc |
||
| 999 |
_c1055283 _d1055283 |
||